<?xml version="1.0" encoding="UTF-8"?><?xml-stylesheet type="text/xsl" href="static/style.xsl"?><OAI-PMH xmlns="http://www.openarchives.org/OAI/2.0/" xmlns:xsi="http://www.w3.org/2001/XMLSchema-instance" xsi:schemaLocation="http://www.openarchives.org/OAI/2.0/ http://www.openarchives.org/OAI/2.0/OAI-PMH.xsd"><responseDate>2026-04-18T06:05:22Z</responseDate><request verb="GetRecord" identifier="oai:www.recercat.cat:20.500.12327/2049" metadataPrefix="marc">https://recercat.cat/oai/request</request><GetRecord><record><header><identifier>oai:recercat.cat:20.500.12327/2049</identifier><datestamp>2025-10-22T11:14:58Z</datestamp><setSpec>com_2072_4428</setSpec><setSpec>com_2072_4427</setSpec><setSpec>col_2072_487898</setSpec></header><metadata><record xmlns="http://www.loc.gov/MARC21/slim" xmlns:dcterms="http://purl.org/dc/terms/" xmlns:xsi="http://www.w3.org/2001/XMLSchema-instance" xmlns:doc="http://www.lyncode.com/xoai" xsi:schemaLocation="http://www.loc.gov/MARC21/slim http://www.loc.gov/standards/marcxml/schema/MARC21slim.xsd">
   <leader>00925njm 22002777a 4500</leader>
   <datafield ind2=" " ind1=" " tag="042">
      <subfield code="a">dc</subfield>
   </datafield>
   <datafield ind2=" " ind1=" " tag="720">
      <subfield code="a">Torres, Estanis</subfield>
      <subfield code="e">author</subfield>
   </datafield>
   <datafield ind2=" " ind1=" " tag="720">
      <subfield code="a">Asín Jones, Luis</subfield>
      <subfield code="e">author</subfield>
   </datafield>
   <datafield ind2=" " ind1=" " tag="260">
      <subfield code="c">2022-12-16</subfield>
   </datafield>
   <datafield ind2=" " ind1=" " tag="520">
      <subfield code="a">The efect of temperature on the ability of 2-chloroethylphosphonic acid (ethephon, ETH) and the 1-aminocyclopropane carboxylic acid (ACC) to induce ethylene production in fruitlets and abscission of fruitlets and leaves when applied at postbloom (~15 mm fruit diameter) was studied using 5-year-old ‘Sweet Lady’/Rootpac-20 peach [Prunus persica (L.) Batsch] trees kept in pots in environment-controlled growth rooms. ETH at 150 mg L−1 and ACC at 500 mg L−1 efectively thinned peaches. Increasing the temperature from 10 to 20 °C pronounced the ETH-induced fruit and leaf abscission and the ACC-induced leaf abscission and decreased stomatal conductance in leaves. However, the ACC thinning efect was not&#xd;
afected by increasing temperature, as well as ETH- and ACC-induced ethylene production in fruitlets and in the quantum yield of PSII photochemistry. Changes in ethylene peak in fruitlets and stomatal &#xd;
conductance in leaves were related to the abscission response.</subfield>
   </datafield>
   <datafield ind1="8" ind2=" " tag="024">
      <subfield code="a">Torres, Estanis, and Luís Asín. 2022. "Physiological Study Of Ethephon- And ACC-Induced Fruitlet And Leaf Abscission In Peach Trees Under Different Conditions Of Temperature". Journal Of Plant Growth Regulation. doi:10.1007/s00344-022-10888-8</subfield>
   </datafield>
   <datafield ind1="8" ind2=" " tag="024">
      <subfield code="a">0721-7595</subfield>
   </datafield>
   <datafield ind1="8" ind2=" " tag="024">
      <subfield code="a">http://hdl.handle.net/20.500.12327/2049</subfield>
   </datafield>
   <datafield ind1="8" ind2=" " tag="024">
      <subfield code="a">https://doi.org/10.1007/s00344-022-10888-8</subfield>
   </datafield>
   <datafield ind2="0" ind1="0" tag="245">
      <subfield code="a">Physiological Study of Ethephon‑ and ACC‑Induced Fruitlet and Leaf Abscission in Peach Trees Under Diferent Conditions of Temperature</subfield>
   </datafield>
</record></metadata></record></GetRecord></OAI-PMH>